| 000 | 00473cam a2200181ua 4500 | ||
|---|---|---|---|
| 020 | _c12.00 | ||
| 041 |
_aeng _h |
||
| 082 |
_a543 _bWAL/PH |
||
| 100 | _aWalton, Harod F . | ||
| 245 |
_aPrinciples and methods of chemical analysis / _cHarold F Walton. _hTextual Documents |
||
| 250 |
_a2 / _b. |
||
| 260 |
_aNew Delhi : _bPrentice Hall of India Pvt Ltd. , _c1966. |
||
| 300 | _a484 ; . | ||
| 365 | _a12.00 | ||
| 504 | _a | ||
| 942 | _cBK | ||
| 999 |
_c10725 _d10725 |
||